Les pokémon qui ont le plus de stats de PV - Statistiques

Statistiques générales
  • Ce quiz a été pris 22 fois
  • Le résultat moyen est 18 sur 74
Statistiques - réponses
Hint Réponse % Correct
255 Leuphorie
94%
250 Leveinard
94%
160 Ronflex
82%
120 Arceus
71%
223 Engloutyran
71%
140 Ethernatos
71%
150 Giratina
65%
150 Monaflémit
59%
170 Wailord
53%
216 Zygarde Forme Parfaite
53%
135 Goinfrex
47%
137 Lunala
47%
165 Mamanbo
47%
200 Regidrago
47%
110 Regigigas
47%
137 Solgaleo
47%
130 Aquali
35%
255 Ethernatos infinimax
35%
115 (genre à préciser) Fragroin (femelle)
35%
140 Grodoudou
35%
125 Kyurem
35%
130 Wailmer
35%
120 Cresselia
29%
110 (genre à préciser) Fragroin (Mâle)
29%
126 Xerneas
29%
126 Yveltal
29%
144 Hariyama
24%
130 Lokhlass
24%
154 Paume de Fer
24%
190 Qulbutoké
24%
115 Rondoudou
24%
170 Balbalèze
18%
110 Coudlangue
18%
155 Dinglu
18%
123 Dragmara
18%
150 Giratina forme Originelle
18%
150 Grodrive
18%
115 Hurle-Queue
18%
125 Lanturn
18%
115 Rhinastoc
18%
120 Rongrigou
18%
115 Fort-Ivoire
12%
125 Ire-Foudre
12%
125 Kyurem Noir
12%
110 Mammochon
12%
135 Melmetal
12%
116 Mushana
12%
150 Oyacata
12%
122 Pachyradjah
12%
130 Terraiste
12%
111 Tritosor
12%
130 Ursaking
12%
110 Barbicha
6%
123 Chevroum
6%
110 Courrousinge
6%
111 Fongus-Furie
6%
115 Glaivodo
6%
110 Kaimorse
6%
125 Kyurem Blanc
6%
110 Minotaupe
6%
120 Paragruel (Mâle et Femelle)
6%
110 Symbios
6%
120 Chelours
0%
125 Deusolourdo
0%
110 Dratatin
0%
115 Entei
0%
120 Farigiraf
0%
114 Gaulet
0%
110 Gueriaigle de Hisui
0%
120 Judokrak
0%
110 Monthracite
0%
110 Roitiflam
0%
113 Ursaking Lune Vermeille
0%
110 Vaututrice
0%
Aucun quiz correspondant
Distribution des résultats
% des personnes avec chaque résultat
Percentile par nombre de réponses
Votre historique - résultats
Vous n’avez pas pris ce quiz